|
|
|
|
| LEADER |
01184nta a2200229 i 4500 |
| 001 |
dokt11209 |
| 005 |
20230112151847.0 |
| 008 |
220303s2022 hu om 0|| eng d |
| 024 |
7 |
|
|a 10.14232/phd.11209
|2 doi
|
| 024 |
7 |
|
|a 33094205
|2 mtmt
|
| 040 |
|
|
|a SZTE Doktori Repozitórium
|b hun
|
| 041 |
|
|
|a eng
|
| 100 |
1 |
|
|a Magony Sándor
|
| 245 |
1 |
0 |
|a Assessment of neuronal dysfunction in patient groups with high risk of neuropathy
|h [elektronikus dokumentum] /
|c Magony Sándor
|
| 246 |
1 |
0 |
|a Az idegrendszer működésének vizsgálata magas neuropathia kockázatú betegcsoportokban
|h [elektronikus dokumentum]
|
| 260 |
|
|
|c 2022-05-04
|
| 502 |
|
|
|a Disszertacio
|
| 650 |
|
4 |
|a elméleti orvostudományok
|
| 700 |
1 |
|
|a Várkonyi Tamás
|e ths
|
| 856 |
4 |
0 |
|u https://doktori.bibl.u-szeged.hu/id/eprint/11209/1/PhD%20thesis%20Sandor%20Magony%202022final%20%284%29.pdf
|z Dokumentum-elérés
|
| 856 |
4 |
0 |
|u https://doktori.bibl.u-szeged.hu/id/eprint/11209/2/PhD%20thesis%20short%20Sandor%20Magony%202022final%20%282%29.pdf
|z Dokumentum-elérés
|
| 856 |
4 |
0 |
|u https://doktori.bibl.u-szeged.hu/id/eprint/11209/3/PhD%20thesis%20r%C3%B6vid%20magyar%20Sandor%20Magony%202022final%20%284%29.pdf
|z Dokumentum-elérés
|